000 00540nam a22001937a 4500
005 20230131150534.0
008 230131b ||||| |||| 00| 0 eng d
040 _cAL
041 _aEnglish
082 _223
_a332.15
_bDHAL
100 _aR G Dhanawade and others
_970310
245 _aLegal Aspects of Finance
260 _aPune
_bSymbiosis Centre for Distance Learning
_c2009
300 _a362 p.
_bPB
_c23x17 cm.
650 _aFinance
_970311
700 _aDHANAWADE (R G)
_970312
700 _aDEULKAR (S V)
_970313
942 _2ddc
_cDB
999 _c226499
_d226499